[Event "Poti Aleksandria Cup 7th"]
[Site "Poti"]
[Date "2012.07.14"]
[Round "1"]
[White "Harutyunyan, Artur A"]
[Black "Iskandarov, Misratdin"]
[Result "0-1"]
[WhiteElo "1753"]
[BlackElo "2384"]
[PlyCount "52"]
[EventDate "2012.07.14"]
[EventType "swiss"]
[EventRounds "9"]
[EventCountry "GEO"]
[SourceTitle "CBM 149 Extra"]
[Source "ChessBase"]
[SourceDate "2012.08.24"]
[SourceVersion "1"]
[SourceVersionDate "2012.08.24"]
[SourceQuality "1"]

1. e4 g6 2. d4 Bg7 3. Nc3 c6 4. Be3 d5 5. e5 f6 6. f4 Nh6 7. h3 0-0 8. Bd3 fxe5 9. fxe5 c5 10. dxc5 Nc6 11. Nf3 Nf7 12. Bb5 e6 13. Bxc6 bxc6 14. 0-0 Nxe5 15. Nxe5 Bxe5 16. Qd3 a5 17. Rxf8+ Qxf8 18. Rf1 Qg7 19. Qd2 Ba6 20. Rf3 d4 21. Bh6 dxc3 22. bxc3 Qc7 23. Qf2 Bg7 24. Bg5 Qe5 25. Be7 Rb8 26. g4 Rb1+ 0-1